| Поле | Инд. | ПП | Название | Значение |
|---|---|---|---|---|
| Тип записи | a | |||
| Библиографический уровень | m | |||
| 001 | Контрольный номер | RU/LIBMSTU/337866785 | ||
| 005 | Дата корректировки | 20140923120400.9 | ||
| 008 | Кодируемые данные | 100920|||||||||ru |||||||||||000|||rus|| | ||
| 020 | a | ISBN | 978-5-93295-583-3 | |
| c | Цена, тираж | 255-00 | ||
| 040 | b | Код языка каталог. | rus | |
| 041 | a | Код языка текста | rus | |
| 084 | a | Индекс другой классификации/Индекс ББК | 67.52+67.410.2 | |
| 090 | a | Полочн. индекс | 67.52 | |
| x | Авторский знак | Б 12 | ||
| 100 | 1_ | a | Автор | Бабаева Э. У. |
| 245 | 10 | a | Заглавие | Проблемы теории и практики преодоления противодействия уголовному преследованию |
| b | Продолж. заглавия | монография | ||
| 260 | a | Место издания | Москва | |
| b | Издательство | Юрлитинформ | ||
| c | Дата издания | 2010 | ||
| 300 | a | Объем | 276, [1] с. | |
| 440 | a | Серия | Библиотека криминалиста | |
| 504 | a | Библиография | Библиогр. в тексте | |
| 650 | a | Основная рубрика | Криминалистика | |
| 650 | 14 | a | Основная рубрика | Уголовное процессуальное право Российской Федерации-Уголовное преследование |
| 653 | a | Ключевые слова | Доказательства | |
| a | Ключевые слова | Допросы | ||
| a | Ключевые слова | Досудебное производство | ||
| a | Ключевые слова | Криминалистика | ||
| a | Ключевые слова | Противодействие уголовному преследованию | ||
| a | Ключевые слова | Расследование преступлений | ||
| a | Ключевые слова | Уголовное преследование | ||
| a | Ключевые слова | Уголовное процессуальное право | ||
| a | Ключевые слова | Монографии | ||
| 901 | t | Тип документа | m | |
| 952 | c | Вид литературы | монография |